| Tag |
First Indicator |
Second Indicator |
Subfields |
| LEADER |
00000cam a2200000 a 4500 |
| 001 |
in00000782840 |
| 005 |
20151017063201.0 |
| 008 |
860528s1849 enka j 00010 eng d |
| 035 |
|
|
|a (OCoLC)13651869
|
| 035 |
|
|
|9 ADN1181AM
|
| 040 |
|
|
|a IUL
|c IUL
|d m/c
|d TXA
|d UtOrBLW
|
| 049 |
1 |
|
|a TXA1 [RARE]
|
| 090 |
|
|
|a PR4613.D37
|b P42 1849
|
| 100 |
1 |
|
|a Dorset, Catherine Ann Turner,
|d 1750?-1817?
|
| 245 |
1 |
4 |
|a The peacock at home /
|c by Mrs. Dorset ... ; illustrated and illuminated by ... Mrs. W. Warde.
|
| 264 |
|
1 |
|a London :
|b Joseph Cundall,
|c 1849.
|
| 300 |
|
|
|a 11 unnumbered leaves :
|b color illustrations ;
|c 24 cm.
|
| 336 |
|
|
|a text
|b txt
|2 rdacontent
|
| 337 |
|
|
|a unmediated
|b n
|2 rdamedia
|
| 338 |
|
|
|a volume
|b nc
|2 rdacarrier
|
| 500 |
|
|
|a A sequel to William Roscoe's The butterfly's ball.
|
| 510 |
4 |
|
|a BM
|c 54:910
|
| 650 |
|
0 |
|a Birds
|v Juvenile poetry.
|
| 650 |
|
0 |
|a Children's poetry.
|
| 700 |
1 |
|
|a Warde, W.,
|c Mrs.
|
| 700 |
1 |
|
|a Roscoe, William,
|d 1753-1831.
|t Butterfly's ball and the grasshopper's feast.
|
| 999 |
|
|
|a MARS
|
| 999 |
f |
f |
|s 5c5c6be2-dcca-3a2f-8626-f707865da9b7
|i fd503244-10db-31ce-88d4-b9d9b595f888
|t 0
|
| 952 |
f |
f |
|p noncirc
|a Texas A&M University
|b College Station
|c Cushing Memorial Library & Archives
|d Cushing: Rare Books (Does not check out)
|t 0
|e PR4613.D37 P42 1849
|h Library of Congress classification
|i unmediated -- volume
|
| 998 |
f |
f |
|a PR4613.D37 P42 1849
|t 0
|l Cushing: Rare Books (Does not check out)
|